Central Library OPAC University of Rajshahi

Sampling techniques in accounting / (Record no. 73728)

MARC details
000 -LEADER
fixed length control field 00728nam a2200229 a 4500
001 - CONTROL NUMBER
control field 73728
003 - CONTROL NUMBER IDENTIFIER
rucl marc code BD-RjUL
005 - DATE AND TIME OF LATEST TRANSACTION
control field 20211209082434.0
008 - FIXED-LENGTH DATA ELEMENTS--GENERAL INFORMATION
fixed length control field 170607s1957 xx a 001 0 eng
035 ## - SYSTEM CONTROL NUMBER
System control number (BD-RjUL)73946
040 ## - CATALOGING SOURCE
Original cataloging agency DLC
Transcribing agency PPi
Modifying agency BD-RjUL
Language of cataloging eng
041 ## - LANGUAGE CODE
Language code of text/sound track or separate title eng
082 ## - DEWEY DECIMAL CLASSIFICATION NUMBER
Classification number 657
Edition number 23
Author mark and year TRS 1957
100 1# - MAIN ENTRY--PERSONAL NAME
Personal name Trueblood, Robert M.
9 (RLIN) 218241
245 10 - TITLE STATEMENT
Title Sampling techniques in accounting /
Statement of responsibility, etc. by Robert M. Trueblood and Richard M. Cyert.
260 ## - PUBLICATION, DISTRIBUTION, ETC. (IMPRINT)
Place of publication, distribution, etc. Englewood Cliffs, N.J. :
Name of publisher, distributor, etc. Prentice-Hall,
Date of publication, distribution, etc. c1957
300 ## - PHYSICAL DESCRIPTION
Pagination xii, 211 p. :
Illustrations ill. ;
Size 24 cm.
650 #0 - SUBJECT ADDED ENTRY--TOPICAL TERM
Topical term or geographic name as entry element Accounting.
9 (RLIN) 218242
Topical term or geographic name as entry element Sampling (Statistics)
9 (RLIN) 218243
700 1# - ADDED ENTRY--PERSONAL NAME
Personal name Cyert, Richard Michael,
Dates associated with a name 1921-
Relator term joint author.
942 ## - ADDED ENTRY ELEMENTS (KOHA)
Source of classification or shelving scheme Dewey Decimal Classification
Koha item type Books
Holdings
Lost status Source of classification or shelving scheme Damaged status Not for loan Collection code Permanent Location Current Location Shelving location Date acquired Source of acquisition Cost, normal purchase price Total Checkouts Full call number Date last seen Copy number Koha item type
  Dewey Decimal Classification   Not For Loan Non-fiction Central Library, University of Rajshahi Central Library, University of Rajshahi Reading Room 25/03/1963 Zeitlinger 52.00   657 TRS 1957 07/06/2017 C-1 Books